Planificació participativa : jornada 5 jornada 5
Descripción Física:
[24] f. ; 30 cm
MARC
| LEADER | 00000nam a2200000Ia 4500 | ||
|---|---|---|---|
| 001 | 24259 | ||
| 003 | BGR | ||
| 005 | 20260324180622.0 | ||
| 008 | 160829s1996 xx 000 0 cat d | ||
| 080 | |a FU-65-4 | ||
| 111 | |a Jornades Sobre Mobilitat i Qualitat Ambiental Municipal |9 71294 |c (Barcelona : |d 1996) | ||
| 245 | |a Planificació participativa : |b jornada 5 | ||
| 260 | |a Barcelona : |b Diputació de Barcelona. Servei del Medi Ambient, |c 1996 | ||
| 300 | |a [24] f. ; |c 30 cm | ||
| 590 | |a Dossier de les jornades, celebrades el 19 de juny de 1997 a l'Escola Industrial (Barcelona) | ||
| 650 | |a Transport |x Aspectes ambientals |x Planificació |9 49883 | ||
| 650 | 0 | |a Circulació urbana |v Congressos |9 49884 | |
| 710 | 1 | |a Barcelona (Catalunya : Província). |b Servei de Medi Ambient |9 53475 | |
| 901 | |a Arxiu | ||
| 942 | |n 1 |2 udc |c JC | ||
| 952 | |0 0 |1 0 |4 0 |6 FU654 |7 1 |9 55925 |a Arxiu |b Arxiu |d 2016-12-01 |l 0 |o FU-65-4 |p 24259 |r 2016-12-01 00:00:00 |w 2016-12-01 |y ARXIU | ||
| 999 | |c 59798 |d 59798 | ||